Представление документа в формате MARC21

ПолеНазваниеЗначение
  Тип записи a
  Библиографический уровень m
001 Контрольный номер RU\infra-m\znanium\bibl\1892277
005 Дата корректировки 20230313235258.0
008 Кодируемые данные 230116s2023 RU g rus u
020 Индекс ISBN __
a ISBN 978-5-00091-757-2
020 Индекс ISBN __
a ISBN 978-5-16-101324-3
020 Индекс ISBN __
a ISBN 978-5-16-017068-8
040 Источник каталогиз. __
a Служба первич. каталог. Общество с ограниченной ответственностью «ЗНАНИУМ»
041 Код языка издания __
a Код языка текста rus
044 Код страны публикации __
a Код страны публикации RU
080 Индекс УДК __
a Индекс УДК 687(075.8)
084 Индекс другой классификации/Индекс ББК __
2 Источник индекса rubbk
a Индекс другой классификации/Индекс ББК 37.24-2я73
084 Индекс другой классификации/Индекс ББК __
2 Источник индекса okso
a Индекс другой классификации/Индекс ББК 29.04.04
084 Индекс другой классификации/Индекс ББК __
2 Источник индекса okso
a Индекс другой классификации/Индекс ББК 29.04.02
084 Индекс другой классификации/Индекс ББК __
2 Источник индекса okso
a Индекс другой классификации/Индекс ББК 29.04.05
084 Индекс другой классификации/Индекс ББК __
2 Источник индекса okso
a Индекс другой классификации/Индекс ББК 29.03.05
084 Индекс другой классификации/Индекс ББК __
2 Источник индекса okso
a Индекс другой классификации/Индекс ББК 29.03.02
100 Автор __
a Автор Конопальцева Надежда Михайловна
q Полное имя Надежда Михайловна
245 Заглавие __
a Заглавие Новые технологии в производстве специальной и спортивной одежды
b Продолж. заглавия Учебное пособие
c Ответственность Российский государственный университет туризма и сервиса; Северный (Арктический) федеральный университет им. М.В. Ломоносова; Российский государственный университет туризма и сервиса
250 Сведения об издании __
a Основные сведения об издании 1
260 Выходные данные __
a Место издания Москва
b Издательство Издательство "ФОРУМ"
c Дата издания 2023
300 Физическое описание __
a Объем 239 с.
440 Серия __
a Серия Высшее образование: Бакалавриат
520 Аннотация __
a Аннотация В учебном пособии дана классификация специальной и спортивной одежды приведены основные требования предъявляемые к ней. Описаны особенности конфекционирования ассортимент и свойства применяемых для изготовления специальной и одежды материалов. Рассмотрены вопросы технологии изготовления специальной одежды с различными защитными свойствами и спортивной одежды предназначенной для занятия различными видами спорта. Представлены технологические карты и графические схемы обработки узлов специальной и спортивной одежды. Дан обзор современных достижений в области технологии изготовления текстиля и спортивной одежды ведущих фирм-производителей: Adidas Nike Speedo.
521 Примеч. о цел. назн. __
a Примеч. о целев. назн. ВО - Бакалавриат
650 Тематические рубрики __
a Основная рубрика Промышленность. Энергетика
x Основная подрубрика Швейная промышленность
700 Другие авторы __
a Другие авторы Крюкова Наталья Александровна
q Полное имя Наталья Александровна
700 Другие авторы __
a Другие авторы Морозова Людмила Владимировна
q Полное имя Людмила Владимировна
856 Электронный адрес документа 4_
a Имя сервера/домена znanium.com
m Помощь ebs_support@infra-m.ru
n Местонахождение сервера НИЦ ИНФРА-М
u URL https://znanium.com/catalog/document?id=424623
856 Электронный адрес документа 41
a Имя сервера/домена znanium.com
d Путь /cover/1892
f Электронное имя 1892277.jpg
u URL https://znanium.com/cover/1892/1892277.jpg
911 __
u 0030=https://znanium.com/catalog/document?id=424623
911 __
u 608a=Учебное пособие
u 6082=local
911 __
u 712a=Северный (Арктический) федеральный университет им. М.В. Ломоносова
911 __
u 712a=Российский государственный университет туризма и сервиса
911 __
u 9032=277
911 __
u 951p=s://znanium.com/catalog/document?id=424623&pid=